Principles of electromechanical-energy conversion (Record no. 23169)

000 -LEADER
fixed length control field 00596nam a22002051 4500
001 - CONTROL NUMBER
control field 23169
003 - CONTROL NUMBER IDENTIFIER
control field BD-DhUET
008 - FIXED-LENGTH DATA ELEMENTS--GENERAL INFORMATION
fixed length control field 730301s1966 xx 000 0 eng
040 ## - CATALOGING SOURCE
Original cataloging agency DLC
Transcribing agency DLC
Modifying agency BD-DhUET
082 ## - DEWEY DECIMAL CLASSIFICATION NUMBER
Classification number 623.13
Item number MEI/1966
100 ## - MAIN ENTRY--PERSONAL NAME
Personal name Meisel, Jerome
245 10 - TITLE STATEMENT
Title Principles of electromechanical-energy conversion
250 ## - EDITION STATEMENT
Edition statement 1st ed.
260 ## - PUBLICATION, DISTRIBUTION, ETC. (IMPRINT)
Place of publication, distribution, etc. New York
Name of publisher, distributor, etc. McGraw-Hill
Date of publication, distribution, etc. 1966
300 ## - PHYSICAL DESCRIPTION
Extent xvii, 639p.
Other physical details ill.
490 ## - SERIES STATEMENT
Series statement McGraw-Hill electrical and electronic engineering series
504 ## - BIBLIOGRAPHY, ETC. NOTE
Bibliography, etc Includes bibliographies
650 #0 - SUBJECT ADDED ENTRY--TOPICAL TERM
Topical term or geographic name as entry element Mechinery: Electrical engineering
942 ## - ADDED ENTRY ELEMENTS (KOHA)
Koha item type General Book
Holdings
Sublocation or collection (holding branch) Not for loan Source of classification or shelving scheme Withdrawn status Piece designation (barcode) Koha date last seen Koha item type Date acquired Price effective from Location (home branch) Lost status Copy number Koha normalized classification for sorting Koha full call number Damaged status Shelving location
Central Library, BUET   118782015-05-03General Book2015-05-032015-05-03Central Library, BUET 1623_130000000000000_MEI_1968623.13/MEI/1968 Circulation section
Central Library, BUET   118772015-05-03General Book2015-05-032015-05-03Central Library, BUET 2623_130000000000000_MEI_1966623.13/MEI/1966 Circulation section
Central Library, BUET   118752015-05-03General Book2015-05-032015-05-03Central Library, BUET 3623_130000000000000_MEI_1966623.13/MEI/1966 Circulation section
Central Library, BUET   114382015-05-03General Book2015-05-032015-05-03Central Library, BUET 4623_130000000000000_MEI_1966623.13/MEI/1966 Circulation section
Central Library, BUET   118762015-05-03General Book2015-05-032015-05-03Central Library, BUET 5623_130000000000000_MEI_1966623.13/MEI/1966 Circulation section
Central Library, BUET   114372015-05-03General Book2015-05-032015-05-03Central Library, BUET 6623_130000000000000_MEI_1966623.13/MEI/1966 Circulation section
Central Library, BUET   118792015-05-03General Book2015-05-032015-05-03Central Library, BUET 7623_130000000000000_MEI_1966623.13/MEI/1966 Circulation section
Central Library, BUET   849292015-05-03General Book2015-05-032015-05-03Central Library, BUET 8623_130000000000000_MEI_1966623.13/MEI/1966 Circulation section
Central Library, BUET   155392015-05-07General Book2015-05-072015-05-07Central Library, BUET 9623_130000000000000_MEI_1966623.13/MEI/1966 Circulation section
Central Library, BUET   392512015-07-12General Book2015-07-122015-07-12Central Library, BUET 10623_130000000000000_MEI_1966623.13/MEI/1966 Circulation section